<?xml version="1.0" encoding="UTF-8"?>
<record
    xmlns:xsi="http://www.w3.org/2001/XMLSchema-instance"
    xsi:schemaLocation="http://www.loc.gov/MARC21/slim http://www.loc.gov/standards/marcxml/schema/MARC21slim.xsd"
    xmlns="http://www.loc.gov/MARC21/slim">

  <leader>01438nam a22003137a 4500</leader>
  <controlfield tag="001">36410</controlfield>
  <controlfield tag="003">Ost</controlfield>
  <controlfield tag="005">20260507154549.0</controlfield>
  <controlfield tag="008">251113s9999||||xx |||||||||||||| ||eng||</controlfield>
  <datafield tag="020" ind1=" " ind2=" ">
    <subfield code="a">9788193759851</subfield>
  </datafield>
  <datafield tag="040" ind1=" " ind2=" ">
    <subfield code="c">nitttr</subfield>
  </datafield>
  <datafield tag="082" ind1=" " ind2=" ">
    <subfield code="a">418.43802</subfield>
    <subfield code="b">TIW-KAR</subfield>
  </datafield>
  <datafield tag="100" ind1=" " ind2=" ">
    <subfield code="a">Tiwari, Bhole Nath and Goswami, Krishna Kumar  - &#x924;&#x93F;&#x935;&#x93E;&#x930;&#x940;, &#x92D;&#x94B;&#x932;&#x947; &#x928;&#x93E;&#x925; &#x914;&#x930; &#x917;&#x94B;&#x938;&#x94D;&#x935;&#x93E;&#x92E;&#x940;, &#x915;&#x943;&#x937;&#x94D;&#x923; &#x915;&#x941;&#x92E;&#x93E;&#x930;</subfield>
  </datafield>
  <datafield tag="245" ind1=" " ind2="0">
    <subfield code="a">Karyalayi Anuvad Ki Samasyayen - &#x915;&#x93E;&#x930;&#x94D;&#x92F;&#x932;&#x92F; &#x905;&#x928;&#x941;&#x935;&#x93E;&#x926; &#x915;&#x940; &#x938;&#x92E;&#x938;&#x94D;&#x92F;&#x93E;&#x90F;&#x902;</subfield>
  </datafield>
  <datafield tag="250" ind1=" " ind2=" ">
    <subfield code="a">1st Ed.</subfield>
  </datafield>
  <datafield tag="260" ind1=" " ind2=" ">
    <subfield code="a">New Delhi,India</subfield>
    <subfield code="b">Kitabghar Prakashan</subfield>
    <subfield code="c">2018</subfield>
  </datafield>
  <datafield tag="300" ind1=" " ind2=" ">
    <subfield code="a">222 p.</subfield>
  </datafield>
  <datafield tag="650" ind1=" " ind2=" ">
    <subfield code="a"> &#x905;&#x928;&#x941;&#x935;&#x93E;&#x926; &#x915;&#x940; &#x935;&#x93F;&#x927;&#x93F;&#x92F;&#x93E;&#x901;</subfield>
  </datafield>
  <datafield tag="650" ind1=" " ind2=" ">
    <subfield code="a"> &#x905;&#x928;&#x941;&#x935;&#x93E;&#x926; &#x915;&#x940; &#x938;&#x92E;&#x938;&#x94D;&#x92F;&#x93E;&#x90F;&#x901; &#x930;&#x93E;&#x91C;&#x92D;&#x93E;&#x937;&#x93E;</subfield>
  </datafield>
  <datafield tag="650" ind1=" " ind2=" ">
    <subfield code="a"> &#x905;&#x928;&#x941;&#x935;&#x93E;&#x926; &#x936;&#x92C;&#x94D;&#x926;&#x93E;&#x935;&#x932;&#x940; &#x91A;&#x92F;&#x928; (Terminology)</subfield>
  </datafield>
  <datafield tag="650" ind1=" " ind2=" ">
    <subfield code="a"> &#x92D;&#x93E;&#x937;&#x93E; &#x924;&#x915;&#x928;&#x940;&#x915;&#x940;</subfield>
  </datafield>
  <datafield tag="650" ind1=" " ind2=" ">
    <subfield code="a"> &#x92D;&#x93E;&#x937;&#x93E; &#x92E;&#x93E;&#x928;&#x915;&#x940;&#x915;&#x930;&#x923;</subfield>
  </datafield>
  <datafield tag="650" ind1=" " ind2=" ">
    <subfield code="a"> &#x935;&#x94D;&#x92F;&#x93E;&#x935;&#x939;&#x93E;&#x930;&#x93F;&#x915; &#x905;&#x928;&#x941;&#x935;&#x93E;&#x926; &#x915;&#x94C;&#x936;&#x932;</subfield>
  </datafield>
  <datafield tag="650" ind1=" " ind2=" ">
    <subfield code="a"> &#x938;&#x902;&#x926;&#x930;&#x94D;&#x92D; &#x914;&#x930; &#x905;&#x930;&#x94D;&#x925; &#x926;&#x94D;&#x935;&#x93F;&#x92D;&#x93E;&#x937;&#x93F;&#x915; &#x938;&#x902;&#x92A;&#x94D;&#x930;&#x947;&#x937;&#x923;</subfield>
  </datafield>
  <datafield tag="650" ind1=" " ind2=" ">
    <subfield code="a"> &#x938;&#x930;&#x915;&#x93E;&#x930;&#x940; &#x926;&#x938;&#x94D;&#x924;&#x93E;&#x935;&#x947;&#x91C;&#x93C; &#x905;&#x928;&#x941;&#x935;&#x93E;&#x926;</subfield>
  </datafield>
  <datafield tag="650" ind1=" " ind2=" ">
    <subfield code="a"> &#x939;&#x93F;&#x902;&#x926;&#x940; &#x92A;&#x94D;&#x930;&#x936;&#x93E;&#x938;&#x928;&#x93F;&#x915;</subfield>
  </datafield>
  <datafield tag="650" ind1=" " ind2=" ">
    <subfield code="a">&#x915;&#x93E;&#x930;&#x94D;&#x92F;&#x93E;&#x932;&#x92F;&#x940; &#x905;&#x928;&#x941;&#x935;&#x93E;&#x926; (Official Translation)</subfield>
  </datafield>
  <datafield tag="942" ind1=" " ind2=" ">
    <subfield code="c">BK</subfield>
  </datafield>
  <datafield tag="999" ind1=" " ind2=" ">
    <subfield code="c">162</subfield>
    <subfield code="d">162</subfield>
  </datafield>
  <datafield tag="952" ind1=" " ind2=" ">
    <subfield code="0">0</subfield>
    <subfield code="1">0</subfield>
    <subfield code="4">0</subfield>
    <subfield code="7">0</subfield>
    <subfield code="a">NITTTR</subfield>
    <subfield code="b">NITTTR</subfield>
    <subfield code="d">2026-05-07</subfield>
    <subfield code="l">0</subfield>
    <subfield code="o">418.43802 TIW-KAR</subfield>
    <subfield code="p">50346</subfield>
    <subfield code="r">2026-05-07 15:45:49</subfield>
    <subfield code="w">2026-05-07</subfield>
    <subfield code="y">BK</subfield>
  </datafield>
</record>
